[Event "XLI Rilton Cup 2011-12"]
[Site "Stockholm SWE"]
[Date "2012.01.01"]
[Round "5"]
[Board "27"]
[White "Lokander, Martin"]
[Black "Glantz, Robert"]
[Result "1-0"]
[WhiteElo "2151"]
[BlackElo "2289"]
[WhiteFideId "1709569"]
[BlackFideId "24629596"]
[EventDate "2011.12.27"]

1. d4 Nf6 2. c4 e6 3. Nc3 Bb4 4. Qc2 O-O 5. e4 c5 6. e5 cxd4 7. a3 dxc3 8. axb4
Ng4 9. Qxc3 f6 10. Nf3 fxe5 11. Bg5 Qe8 12. h3 Nxf2 13. Kxf2 e4 14. Be2 Nc6 15.
b5 Ne7 16. Rhe1 Ng6 17. Kg1 exf3 18. Bxf3 h6 19. Be3 Nh4 20. Be4 d5 21. cxd5
Qxb5 22. Bxh6 gxh6 23. Qg3+ Kh8 24. Qxh4 Qb6+ 25. Kh1 exd5 26. Qe7 Bf5 27. Qe5+
Qf6 28. Bxf5 1-0

[Event "XLI Rilton Cup 2011-12"]
[Site "Stockholm SWE"]
[Date "2012.01.01"]
[Round "5"]
[Board "28"]
[White "Cederstam-Barsk, Carl"]
[Black "Luukkonen, Tommi"]
[Result "0-1"]
[BlackTitle "FM"]
[WhiteElo "2129"]
[BlackElo "2252"]
[WhiteFideId "1713329"]
[BlackFideId "501808"]
[EventDate "2011.12.27"]

1. Nf3 Nf6 2. c4 e6 3. g3 d5 4. d4 c6 5. Qc2 Be7 6. Bg2 O-O 7. O-O Nbd7 8. b3 b6
9. Nc3 Ba6 10. e4 dxc4 11. Rd1 cxb3 12. axb3 Qc8 13. Ba3 Bxa3 14. Rxa3 Bb7 15.
e5 Ne8 16. Ng5 g6 17. Nge4 c5 18. Nb5 cxd4 19. Qxc8 Rxc8 20. Ned6 Nxd6 21. Nxd6
Bxg2 22. Nxc8 Bf3 23. Ne7+ Kg7 24. Rxd4 Nxe5 25. Rxa7 g5 26. Rc7 Ra8 27. Rc1 Bb7
28. Ra4 Rd8 29. f4 gxf4 30. gxf4 Ng4 31. f5 Ne5 32. fxe6 Rd2 33. Nf5+ Kf6 34.
Nh4 fxe6 35. Rf1+ Kg5 36. Rf8 Bd5 37. Rg8+ Kh5 38. h3 b5 39. Rf4 Rd1+ 40. Rf1
Rxf1+ 41. Kxf1 Kxh4 0-1

[Event "XLI Rilton Cup 2011-12"]
[Site "Stockholm SWE"]
[Date "2012.01.01"]
[Round "5"]
[Board "30"]
[White "Kassani, Sam"]
[Black "Henriksson, Johan"]
[Result "0-1"]
[WhiteElo "1998"]
[BlackElo "2295"]
[WhiteFideId "1709089"]
[BlackFideId "1703560"]
[EventDate "2011.12.27"]

1. e4 c6 2. d4 d5 3. Nc3 dxe4 4. Nxe4 Nf6 5. Nxf6+ gxf6 6. Nf3 Bg4 7. Be2 e6 8.
Be3 Nd7 9. h3 Bh5 10. O-O Nb6 11. Qd3 Qd5 12. c4 Nxc4 13. Qxc4 Bxf3 14. gxf3
Rg8+ 15. Kh1 Qf5 16. Kh2 Bd6+ 17. f4 Bxf4+ 18. Bxf4 Qxf4+ 19. Kh1 Qe4+ 0-1

[Event "XLI Rilton Cup 2011-12"]
[Site "Stockholm SWE"]
[Date "2012.01.01"]
[Round "5"]
[Board "31"]
[White "Blomqvist, Erik"]
[Black "Evertsson, Lennart"]
[Result "1-0"]
[WhiteTitle "IM"]
[WhiteElo "2477"]
[BlackElo "2130"]
[WhiteFideId "1709437"]
[BlackFideId "1705156"]
[EventDate "2011.12.27"]

1. Nf3 d5 2. d4 Nf6 3. c4 e6 4. g3 c6 5. Bg2 Bb4+ 6. Bd2 Qe7 7. O-O Bxd2 8. Qxd2
Ne4 9. Qe3 Nd7 10. Rc1 O-O 11. Ne5 Nd6 12. Nd2 Nf5 13. Qd3 Nxe5 14. dxe5 Rd8 15.
Nf3 a5 16. e4 dxe4 17. Qxe4 Qc5 18. Rd1 Rf8 19. Rac1 a4 20. a3 Ra5 21. Rc3 g6
22. g4 Ne7 23. Qf4 g5 24. Qxg5+ Ng6 25. h4 Qb6 26. Qh6 Nxe5 27. Ng5 Re8 28.
Qxh7+ Kf8 29. Re3 Qc7 30. Qh8+ Ke7 31. Qg7 Rf8 32. Nh7 Rd8 33. Qg5+ Ke8 34. Nf6+ 1-0

[Event "XLI Rilton Cup 2011-12"]
[Site "Stockholm SWE"]
[Date "2012.01.01"]
[Round "5"]
[Board "32"]
[White "Bergstrom, Rolf"]
[Black "Hedstrom, Johan"]
[Result "1/2-1/2"]
[WhiteTitle "FM"]
[WhiteElo "2301"]
[BlackElo "2100"]
[WhiteFideId "1702386"]
[BlackFideId "1714813"]
[EventDate "2011.12.27"]

1. e4 c5 2. Nf3 e6 3. c4 d6 4. d4 cxd4 5. Nxd4 Nf6 6. Nc3 a6 7. Be2 Be7 8. O-O
b6 9. Be3 Bb7 10. f3 Qc7 11. Qd2 Nbd7 12. Rfd1 Rc8 13. Rac1 O-O 14. a3 Qb8 15.
b4 Rfe8 16. Nb3 d5 17. cxd5 exd5 18. exd5 Bd6 19. g3 Bxg3 20. hxg3 Qxg3+ 21. Kf1
Qh3+ 22. Kf2 Qh2+ 23. Ke1 Qh4+ 24. Kf1 Qh3+ 1/2-1/2

[Event "XLI Rilton Cup 2011-12"]
[Site "Stockholm SWE"]
[Date "2012.01.01"]
[Round "5"]
[Board "34"]
[White "Pettersson, Anders1"]
[Black "Golikov, Nikolai"]
[Result "1/2-1/2"]
[WhiteElo "2207"]
[BlackElo "2003"]
[WhiteFideId "1709771"]
[BlackFideId "24101630"]
[EventDate "2011.12.27"]

1. d4 Nf6 2. c4 e6 3. Nf3 b6 4. Nc3 Bb4 5. Bg5 Bb7 6. Nd2 c5 7. d5 Bxc3 8. bxc3
h6 9. Bxf6 Qxf6 10. e4 Qxc3 11. Rb1 O-O 12. Be2 exd5 13. exd5 f5 14. O-O Qf6 15.
Re1 Na6 16. Qa4 Qd6 17. a3 Rae8 18. Bd3 g6 19. Nf3 Kh7 20. h4 h5 21. Ng5+ Kg7
22. Qc2 Nc7 23. Rf1 Re7 24. Qd2 Rfe8 25. Nf3 Rf7 26. Qg5 Qf6 27. Qf4 d6 28. Qd2
Bc8 29. Rfd1 Rfe7 30. Qf4 Bd7 1/2-1/2

[Event "XLI Rilton Cup 2011-12"]
[Site "Stockholm SWE"]
[Date "2012.01.01"]
[Round "5"]
[Board "35"]
[White "Frisk, Ellinor"]
[Black "Isetoft, Daniel"]
[Result "1/2-1/2"]
[WhiteTitle "WFM"]
[WhiteElo "2184"]
[BlackElo "2206"]
[WhiteFideId "1708481"]
[BlackFideId "1708996"]
[EventDate "2011.12.27"]

1. e4 c5 2. Nf3 d6 3. d4 cxd4 4. Nxd4 Nf6 5. Nc3 g6 6. Be3 Bg7 7. f3 O-O 8. Qd2
Nc6 9. O-O-O Nxd4 10. Bxd4 Be6 11. Kb1 Qc7 12. h4 Rfc8 13. h5 Qa5 14. hxg6 hxg6
15. a3 Rab8 16. Bd3 Bc4 17. Bxc4 Rxc4 18. Qc1 Rbc8 19. Nd5 Rxc2 20. Nxf6+ Bxf6
21. Qxc2 Rxc2 22. Bxf6 exf6 23. Kxc2 Qc5+ 24. Kb1 Qf2 25. Rhg1 b5 26. Rdf1 Qe3
27. Rc1 Kg7 28. Rgd1 Qe2 29. Rxd6 Qxg2 30. Rc3 g5 31. Ka2 g4 32. fxg4 Qxe4 33.
Rb3 a5 34. Rdd3 Kf8 35. Rg3 Qe6 36. Kb1 Qe1+ 37. Kc2 Qf2+ 38. Kc1 Qe1+ 39. Kc2
Qe2+ 40. Kb1 Qe1+ 41. Ka2 Qe6 1/2-1/2

[Event "XLI Rilton Cup 2011-12"]
[Site "Stockholm SWE"]
[Date "2012.01.01"]
[Round "5"]
[Board "36"]
[White "Agrest, Inna"]
[Black "Hansson, Fredrik"]
[Result "1/2-1/2"]
[WhiteTitle "WIM"]
[WhiteElo "2189"]
[BlackElo "1985"]
[WhiteFideId "1708830"]
[BlackFideId "1713256"]
[EventDate "2011.12.27"]

1. e4 e5 2. Nf3 Nc6 3. Bb5 a6 4. Ba4 Nf6 5. d3 d6 6. c3 g6 7. Nbd2 Bg7 8. O-O
O-O 9. Re1 b5 10. Bc2 Re8 11. a4 Bb7 12. Nf1 h6 13. Ng3 d5 14. Nd2 dxe4 15. dxe4
Qe7 16. Qe2 b4 17. Nb3 a5 18. Be3 Ba6 19. Qf3 Nd7 20. Rad1 Bc4 21. Rd2 Rab8 22.
Nc1 bxc3 23. bxc3 Nc5 24. Red1 Be6 25. Nf5 gxf5 26. exf5 e4 27. Qh5 Bc4 28. f6
Qe5 29. Qxe5 Nxe5 30. fxg7 Ned3 31. Bxd3 Nxd3 32. Bxh6 Kh7 33. Be3 Kxg7 34. Nxd3
exd3 35. Re1 Kg6 36. f3 Rb3 37. Kf2 Rxc3 38. g4 f5 39. h4 fxg4 40. fxg4 Re4 41.
h5+ Kh7 42. g5 Bf7 43. g6+ Bxg6 44. hxg6+ Kxg6 45. Kf3 Kf5 46. Rh1 Rxa4 47. Rh5+
Ke6 48. Rh6+ Kd5 49. Rh5+ Kc4 50. Rb2 Rb3 51. Rc5+ Kb4 52. Rd2 Rc3 53. Rd5 c5
54. Rd1 Kb3 55. Rb1+ Ka2 56. Rb5 c4 57. Ke4 Rb3 58. Rxa5 Rxa5 59. Rxa5+ Kb1 60.
Rc5 c3 61. Kxd3 c2+ 62. Kd2 Rxe3 63. Kxe3 c1=Q+ 64. Rxc1+ Kxc1 1/2-1/2

[Event "XLI Rilton Cup 2011-12"]
[Site "Stockholm SWE"]
[Date "2012.01.01"]
[Round "5"]
[Board "38"]
[White "Bryntze, Stefan"]
[Black "Cramling, Dan"]
[Result "0-1"]
[BlackTitle "IM"]
[WhiteElo "2175"]
[BlackElo "2392"]
[WhiteFideId "1709100"]
[BlackFideId "1700162"]
[EventDate "2011.12.27"]

1. f4 d5 2. e3 Nf6 3. b3 e6 4. Nf3 Be7 5. Bb2 b6 6. Be2 Bb7 7. O-O O-O 8. Qe1 c5
9. Kh1 Nc6 10. Qg3 d4 11. Na3 Ne4 12. Qh3 Bf6 13. Bd3 Nb4 14. exd4 Nxd3 15. cxd3
Nd6 16. Ne5 cxd4 17. Nc2 Nf5 18. Ng4 Be7 19. Rac1 Rc8 20. Kg1 Qd5 21. Ne5 Qa5
22. Nc4 Qxa2 23. g4 b5 24. gxf5 bxc4 25. Rb1 c3 26. f6 gxf6 0-1

[Event "XLI Rilton Cup 2011-12"]
[Site "Stockholm SWE"]
[Date "2012.01.02"]
[Round "6"]
[Board "2"]
[White "Tikkanen, Hans"]
[Black "Solak, Dragan"]
[Result "0-1"]
[WhiteTitle "GM"]
[BlackTitle "GM"]
[WhiteElo "2586"]
[BlackElo "2629"]
[WhiteFideId "1706446"]
[BlackFideId "916811"]
[EventDate "2011.12.27"]

1. d4 c6 2. Nf3 d5 3. c4 Nf6 4. e3 Bf5 5. Nc3 e6 6. Nh4 Bg6 7. Be2 Nbd7 8. O-O
Ne4 9. Nxg6 hxg6 10. cxd5 exd5 11. Nxe4 dxe4 12. d5 Bd6 13. g3 c5 14. Qb3 Qg5
15. Qxb7 Rb8 16. Qa6 Qh6 17. h4 g5 18. h5 g4 19. Bxg4 Ne5 20. Qa4+ Kf8 21. Qd1
Nxg4 22. Qxg4 Qxh5 23. Qxh5 Rxh5 24. Rd1 Ke7 25. Bd2 Rxb2 26. Bc3 Rc2 27. Rdc1
Rxc1+ 28. Rxc1 Rxd5 29. Bxg7 f6 30. Rc4 Rh5 31. g4 Rh7 32. Rxe4+ Kf7 33. Bxf6
Kxf6 34. Kf1 Rb7 35. Ra4 Rb4 36. Rxa7 Rxg4 37. f4 Rg3 38. Kf2 Rh3 39. Ra6 Ke7
40. Ke2 Kd7 41. Ra4 Ke6 42. Ra6 Kd7 43. Ra4 Kc7 44. Ra6 Rh6 45. Ra7+ Kb6 46. Rf7
c4 47. e4 Rh2+ 48. Kd1 0-1

[Event "XLI Rilton Cup 2011-12"]
[Site "Stockholm SWE"]
[Date "2012.01.02"]
[Round "6"]
[Board "3"]
[White "Cicak, Slavko"]
[Black "Gajewski, Grzegorz"]
[Result "1-0"]
[WhiteTitle "GM"]
[BlackTitle "GM"]
[WhiteElo "2566"]
[BlackElo "2616"]
[WhiteFideId "1700588"]
[BlackFideId "1116207"]
[EventDate "2011.12.27"]

1. c4 Nf6 2. Nf3 e6 3. b3 d5 4. e3 Bd6 5. Bb2 O-O 6. Be2 b6 7. O-O Bb7 8. cxd5
exd5 9. d3 Nbd7 10. Nbd2 Re8 11. Re1 a5 12. a3 a4 13. b4 c5 14. b5 Nf8 15. Bf1
Ne6 16. e4 Bc7 17. g3 d4 18. Rb1 Nd7 19. Nc4 f6 20. Bc1 Ne5 21. Nfd2 Ng6 22. f4
Ngxf4 23. gxf4 Nxf4 24. Nf3 f5 25. Bxf4 Bxf4 26. e5 Re6 27. Rb2 Bd5 28. Bg2 g5
29. Rf1 Rh6 30. Nd6 Be6 31. h3 Ra7 32. Kh1 Qf8 33. Re2 Kh8 34. Ng1 Be3 35. Nc4
Bxc4 36. dxc4 g4 37. Rxe3 dxe3 38. Qxg4 fxg4 39. Rxf8+ Kg7 40. Rf4 gxh3 41. Bd5
Re7 42. Re4 Kg6 43. Ne2 h2 44. Rxe3 Kf5 45. e6 Kg4 46. Rg3+ Kf5 47. Nc3 Kf4 48.
Rf3+ Ke5 49. Rf2 Ra7 50. Nxa4 Kd6 51. Re2 Rg7 52. Rxh2 Rxh2+ 53. Kxh2 Kc7 54.
Bc6 Kd6 55. Bd7 Kc7 56. Nc3 Rg5 57. a4 Re5 58. Nd5+ Rxd5 59. cxd5 c4 60. a5 c3
61. Bc6 c2 62. e7 c1=Q 63. e8=Q Qf4+ 64. Kh3 Qf5+ 65. Kg3 Qd3+ 66. Kf4 Qf1+ 67.
Kg5 Qc1+ 68. Kf5 Qf1+ 69. Ke6 Qh3+ 70. Kf6 Qf3+ 71. Kg7 Qc3+ 72. Kg8 bxa5 73.
Qe7+ Kb6 74. d6 Qg3+ 75. Kf8 Qf4+ 76. Ke8 Qg3 77. Qe6 Qc3 78. d7 Qh8+ 79. Kf7 h5
80. Qf6 Qh7+ 81. Kf8 1-0

[Event "XLI Rilton Cup 2011-12"]
[Site "Stockholm SWE"]
[Date "2012.01.02"]
[Round "6"]
[Board "4"]
[White "Sipila, Vilka"]
[Black "Rozentalis, Eduardas"]
[Result "0-1"]
[WhiteTitle "FM"]
[BlackTitle "GM"]
[WhiteElo "2316"]
[BlackElo "2586"]
[WhiteFideId "505455"]
[BlackFideId "12800023"]
[EventDate "2011.12.27"]

1. f4 d5 2. Nf3 Bg4 3. e3 Nd7 4. h3 Bxf3 5. Qxf3 Ngf6 6. g4 h6 7. g5 hxg5 8.
fxg5 Ne5 9. Qg3 Qd6 10. Rg1 Ne4 11. Qg2 Rh5 12. Be2 Rxg5 13. Qf1 Qh6 14. d3 Qh4+
15. Kd1 Nf2+ 16. Kd2 Rf5 17. Qg2 O-O-O 18. d4 Ne4+ 19. Kd1 Rf2 20. Qh1 Ng3 21.
Rxg3 Qxg3 22. dxe5 Rg2 23. Bd2 Rg1+ 24. Be1 Qxe1# 0-1

[Event "XLI Rilton Cup 2011-12"]
[Site "Stockholm SWE"]
[Date "2012.01.02"]
[Round "6"]
[Board "6"]
[White "Akesson, Ralf"]
[Black "Volkov, Sergey"]
[Result "0-1"]
[WhiteTitle "GM"]
[BlackTitle "GM"]
[WhiteElo "2421"]
[BlackElo "2626"]
[WhiteFideId "1700120"]
[BlackFideId "4122763"]
[EventDate "2011.12.27"]

1. d4 d5 2. c4 c6 3. Nc3 Nf6 4. e3 a6 5. Qc2 g6 6. Nf3 Bf5 7. Qb3 b5 8. cxd5
cxd5 9. Ne5 e6 10. Be2 h5 11. Bd2 Nfd7 12. Nxd7 Nxd7 13. f3 Bd6 14. O-O Nb6 15.
Nd1 Nc4 16. Bb4 Rc8 17. a3 O-O 18. Rf2 Re8 19. Bxd6 Qxd6 20. Qb4 Qb6 21. a4 Bc2
22. b3 Qd6 23. Qxd6 Nxd6 24. axb5 axb5 25. b4 Bxd1 26. Bxd1 Rc3 27. Re2 Rec8 28.
Kf2 R8c4 29. Rb2 Nf5 30. Be2 Nxe3 31. Bxc4 dxc4 32. Re2 Nf5 33. Ra5 Nxd4 34. Rd2
e5 35. f4 f6 36. fxe5 fxe5 37. Ra7 Rb3 38. Rda2 c3 39. R2a6 Rb2+ 40. Kg3 Ne2+
41. Kf3 Nd4+ 42. Ke4 Rxb4 43. Kxe5 Rc4 44. Kf6 Rc8 45. Rg7+ Kf8 46. Kxg6 Nc6 47.
Kh7 c2 48. Ra1 Ne7 49. Rc1 b4 50. Rg3 Rc4 51. Rb3 Nc6 52. Re3 Ne7 53. Rb3 Nd5
54. Rd3 Rc5 55. Kh6 h4 56. Rb3 Kf7 57. Rb2 Nf6 0-1

[Event "XLI Rilton Cup 2011-12"]
[Site "Stockholm SWE"]
[Date "2012.01.02"]
[Round "6"]
[Board "9"]
[White "Denisov, Ivan"]
[Black "Brynell, Stellan"]
[Result "0-1"]
[BlackTitle "GM"]
[WhiteElo "2348"]
[BlackElo "2486"]
[WhiteFideId "24119466"]
[BlackFideId "1700219"]
[EventDate "2011.12.27"]

1. e4 e6 2. d4 d5 3. e5 c5 4. c3 Nc6 5. Nf3 Bd7 6. Be2 f6 7. O-O fxe5 8. dxe5
Qc7 9. c4 d4 10. Bf4 h6 11. h4 O-O-O 12. Nbd2 g5 13. hxg5 hxg5 14. Nxg5 Nh6 15.
Ndf3 Bg7 16. Re1 Rdf8 17. g3 Nxe5 18. Nh4 Qd8 19. Bf1 Nf5 20. Nhf3 Nxf3+ 21.
Nxf3 Qe8 22. Ne5 Bxe5 23. Rxe5 Bc6 24. Bg2 Bxg2 25. Kxg2 Qc6+ 26. f3 Nh4+ 27.
gxh4 Rxf4 28. Qd3 Rfxh4 29. Rg1 Rh2+ 30. Kf1 Rxb2 31. Reg5 a6 32. Qa3 Rb4 33.
Re5 Rxc4 34. Rgg5 Rc3 35. Qxc5 Rxf3+ 36. Ke2 Rh2+ 37. Ke1 Qxc5 38. Rxc5+ Kb8 39.
Rc4 Rxa2 40. Rxd4 Rh3 0-1

[Event "XLI Rilton Cup 2011-12"]
[Site "Stockholm SWE"]
[Date "2012.01.02"]
[Round "6"]
[Board "10"]
[White "Bakre, Tejas"]
[Black "L'Ami, Alina"]
[Result "1-0"]
[WhiteTitle "GM"]
[BlackTitle "WGM"]
[WhiteElo "2509"]
[BlackElo "2364"]
[WhiteFideId "5004195"]
[BlackFideId "1210246"]
[EventDate "2011.12.27"]

1. e4 c5 2. Nf3 d6 3. d4 cxd4 4. Nxd4 Nf6 5. Nc3 a6 6. Be3 e5 7. Nf3 Be7 8. Bc4
O-O 9. O-O Qc7 10. Qe2 b5 11. Bd5 Bb7 12. Bxb7 Qxb7 13. Bg5 Nbd7 14. Bxf6 Nxf6
15. Rfd1 Rac8 16. Nd5 Nxd5 17. Rxd5 f5 18. Rad1 fxe4 19. Qxe4 Rc4 20. Qe2 Rcf4
21. R5d2 Re4 22. Qd3 Rg4 23. Ne1 Qb6 24. Qd5+ Kh8 25. Qe6 Rgf4 26. Nd3 R4f7 27.
Re2 Bg5 28. c3 Bh4 29. Rf1 a5 30. a3 Qc7 31. Qd5 Rf5 32. Re4 Qd8 33. Qxb5 Qf6
34. g3 Qg6 35. Rxh4 e4 36. Nf4 Qf7 37. Qb6 g5 38. Qd4+ Kg8 39. Rg4 h5 40. Nxh5
Qxh5 41. Rxe4 Qf7 42. Qe3 Qb3 43. Rg4 Kh7 44. Rxg5 Rxg5 45. Qxg5 Qxb2 1-0

[Event "XLI Rilton Cup 2011-12"]
[Site "Stockholm SWE"]
[Date "2012.01.02"]
[Round "6"]
[Board "11"]
[White "Socko, Monika"]
[Black "Lundin, Jan"]
[Result "1-0"]
[WhiteTitle "GM"]
[BlackTitle "FM"]
[WhiteElo "2479"]
[BlackElo "2314"]
[WhiteFideId "1106619"]
[BlackFideId "1706896"]
[EventDate "2011.12.27"]

1. e4 c6 2. d4 d5 3. e5 Bf5 4. Nf3 e6 5. Nbd2 Ne7 6. Be2 Nc8 7. Nb3 Be7 8. O-O
O-O 9. a4 a5 10. Bd2 b6 11. Rc1 Na6 12. Be3 Qd7 13. h3 Bd8 14. c3 Bg6 15. Qd2 f6
16. exf6 Bxf6 17. Ne5 Bxe5 18. dxe5 Nc7 19. Nd4 c5 20. Nb5 Nxb5 21. Bxb5 Qc7 22.
b4 c4 23. Qd4 axb4 24. cxb4 Rb8 25. Ba6 Ne7 26. a5 bxa5 27. b5 Nf5 28. Qc5 Qxe5
29. Rce1 Qd6 30. g4 Qd8 31. gxf5 Bxf5 32. Bf4 Bxh3 33. Bxb8 Qxb8 34. Qe3 Bg4 35.
Qg3 Rf4 36. Bc8 h5 37. f3 Bf5 38. Kh1 Bg4 39. Bxe6+ Bxe6 40. Rxe6 Qf8 41. Kg2
Qf7 42. Rfe1 Kh7 43. Re7 Qf6 44. R1e6 Qb2+ 45. Kh3 Rf8 46. Rg6 1-0

[Event "XLI Rilton Cup 2011-12"]
[Site "Stockholm SWE"]
[Date "2012.01.02"]
[Round "6"]
[Board "12"]
[White "Westerberg, Jonathan"]
[Black "Nithander, Victor"]
[Result "0-1"]
[WhiteTitle "FM"]
[BlackTitle "IM"]
[WhiteElo "2321"]
[BlackElo "2423"]
[WhiteFideId "1701754"]
[BlackFideId "1707833"]
[EventDate "2011.12.27"]

1. d4 g6 2. c4 Bg7 3. Nc3 Nf6 4. e4 d6 5. f4 O-O 6. Nf3 c5 7. dxc5 Qa5 8. Bd3
Qxc5 9. Qe2 Bg4 10. Be3 Qa5 11. O-O Nc6 12. Rac1 Rfe8 13. Qf2 Bxf3 14. gxf3 e6
15. Rfd1 Rad8 16. Nb5 Rd7 17. Bb1 Qd8 18. Nxa7 Nxa7 19. Bxa7 Nh5 20. Be3 Bh6 21.
Qd2 Qh4 22. Bc2 Ra8 23. a4 Bxf4 24. Bxf4 Nxf4 25. Kh1 d5 26. exd5 exd5 27. Re1
Qf6 28. Bd1 d4 29. b4 d3 30. c5 Rd4 31. b5 Rc8 32. Rc3 Rd5 33. Re4 g5 34. Rec4
Re8 35. Re4 Rdd8 36. Rcc4 Rxe4 37. Rxe4 Rc8 38. Qe3 Qb2 39. Rxf4 gxf4 0-1

[Event "XLI Rilton Cup 2011-12"]
[Site "Stockholm SWE"]
[Date "2012.01.02"]
[Round "6"]
[Board "15"]
[White "Codenotti, Marco"]
[Black "Sagit, Rauan"]
[Result "0-1"]
[WhiteTitle "FM"]
[BlackTitle "FM"]
[WhiteElo "2293"]
[BlackElo "2368"]
[WhiteFideId "800015"]
[BlackFideId "1708376"]
[EventDate "2011.12.27"]

1. e4 c5 2. Nf3 d6 3. d4 cxd4 4. Nxd4 Nf6 5. Nc3 a6 6. Be3 e5 7. Nf3 Be7 8. Bc4
Qc7 9. Bb3 O-O 10. Bg5 Nc6 11. Bxf6 Bxf6 12. Nd5 Qa5+ 13. c3 Bd8 14. O-O Be6 15.
Nd2 Qc5 16. Nc4 Kh8 17. Nce3 Ne7 18. Nxe7 Bxe7 19. Nf5 Rfe8 20. Qd3 Bf8 21. Rfd1
Red8 22. Bd5 Rab8 23. a4 g6 24. Ne3 Be7 25. a5 Rf8 26. Qc4 Qc8 27. Qb3 Bg4 28.
Rd3 f5 29. Be6 Qc6 30. exf5 Bxf5 31. Bxf5 gxf5 32. Nd5 Bd8 33. Qd1 Qe8 34. Rh3
Qf7 35. Rh6 b6 36. axb6 Bxb6 37. Rxa6 Bxf2+ 38. Kxf2 Rxb2+ 39. Ke1 Rxg2 40. Qf3
Rfg8 41. Rhxd6 Rxh2 42. Ne3 Qb3 43. Nf1 Rh4 44. Nd2 Qc2 45. Rh6 Re4+ 0-1

[Event "XLI Rilton Cup 2011-12"]
[Site "Stockholm SWE"]
[Date "2012.01.02"]
[Round "6"]
[Board "16"]
[White "Lindgren, Philip"]
[Black "Karlsson, Lars"]
[Result "0-1"]
[BlackTitle "GM"]
[WhiteElo "2152"]
[BlackElo "2485"]
[WhiteFideId "1713230"]
[BlackFideId "1700057"]
[EventDate "2011.12.27"]

1. d4 g6 2. Nf3 Bg7 3. c4 d6 4. Nc3 Bg4 5. e3 Nc6 6. Be2 Nf6 7. O-O O-O 8. h3
Bxf3 9. Bxf3 Nd7 10. b4 a6 11. Rb1 e5 12. d5 Ne7 13. c5 f5 14. cxd6 cxd6 15. e4
Rc8 16. Qd3 Kh8 17. Re1 Ng8 18. a4 Qc7 19. Rb3 Qc4 20. Qxc4 Rxc4 21. Be2 Rc7 22.
Bd3 Bh6 23. Bb2 Nb6 24. Re2 Nc4 25. Bxc4 Rxc4 26. a5 Nf6 27. b5 Nd7 28. bxa6
bxa6 29. f3 Rfc8 30. Na2 Rc2 31. Rxc2 Rxc2 32. Nb4 Rd2 33. Nxa6 Bf4 34. Bc3 Rc2
35. Bb4 Nf6 36. exf5 Nxd5 37. Bxd6 Bg3 38. Kf1 Nc3 39. Rb8+ Kg7 40. Rb7+ Kf6 41.
Ba3 Rf2+ 42. Kg1 Ne2+ 43. Kh1 Rf1# 0-1

[Event "XLI Rilton Cup 2011-12"]
[Site "Stockholm SWE"]
[Date "2012.01.02"]
[Round "6"]
[Board "17"]
[White "Rasmussen, Allan Stig"]
[Black "Byklum, Bjornar"]
[Result "0-1"]
[WhiteTitle "GM"]
[BlackTitle "FM"]
[WhiteElo "2541"]
[BlackElo "2252"]
[WhiteFideId "1406000"]
[BlackFideId "1502123"]
[EventDate "2011.12.27"]

1. d4 d5 2. c4 e6 3. Nf3 c5 4. cxd5 exd5 5. g3 Nc6 6. Bg2 Nf6 7. O-O Be7 8. Nc3
O-O 9. dxc5 Bxc5 10. a3 Ne4 11. Qd3 Nxc3 12. Qxc3 Bb6 13. b4 d4 14. Qd2 Qe7 15.
Bb2 Rd8 16. Rfd1 Be6 17. b5 Na5 18. Qb4 Qxb4 19. axb4 Nb3 20. Ra3 Rac8 21. Ne1
Rd7 22. Be4 Rdc7 23. Nf3 h6 24. Kf1 g6 25. Ke1 Bc4 26. Ne5 Be6 27. Bb1 Nc1 28.
Nf3 Bb3 29. Rd2 d3 30. exd3 Bd5 31. Ne5 Nb3 32. Rd1 Rc2 33. Bxc2 Rxc2 34. Ng4
Bf3 35. Rxb3 Re2+ 36. Kf1 Bxg4 37. d4 Rxb2 38. Rxb2 Bxd1 39. Rd2 Ba4 40. Ke2
Bxb5+ 41. Ke3 Kf8 42. Ke4 Ke7 43. f4 Bd7 44. Ke5 Bc7+ 45. Kd5 Be6+ 0-1

[Event "XLI Rilton Cup 2011-12"]
[Site "Stockholm SWE"]
[Date "2012.01.02"]
[Round "6"]
[Board "19"]
[White "Semcesen, Daniel"]
[Black "Villegas, Pierre"]
[Result "1-0"]
[WhiteTitle "IM"]
[WhiteElo "2490"]
[BlackElo "2249"]
[WhiteFideId "1706993"]
[BlackFideId "654183"]
[EventDate "2011.12.27"]

1. c4 Nf6 2. Nc3 d5 3. cxd5 Nxd5 4. g3 g6 5. Bg2 Nb6 6. d3 Bg7 7. Be3 Nc6 8. Qd2
Nd4 9. Rc1 O-O 10. Nf3 e5 11. O-O c6 12. Bh6 Re8 13. Rfe1 Bg4 14. Nxd4 exd4 15.
Ne4 Bh8 16. Nc5 Bc8 17. h4 Nd5 18. Qc2 Re5 19. Bf3 Bf6 20. Kg2 Be7 21. Ne4 Be6
22. a3 Qd7 23. Qd2 Bh3+ 24. Kg1 Bg4 25. Bg2 Rh5 26. Bf4 Rf5 27. Bh6 Rh5 28. Nc5
Qc8 29. Bg5 Bxg5 30. hxg5 Nc7 31. Qf4 Ne6 32. Nxe6 Qxe6 33. f3 Bh3 34. g4 Rh4
35. Bxh3 Rxh3 36. Kg2 1-0

[Event "XLI Rilton Cup 2011-12"]
[Site "Stockholm SWE"]
[Date "2012.01.02"]
[Round "6"]
[Board "20"]
[White "Fries-Nielsen, Jens Ove"]
[Black "Lokander, Martin"]
[Result "1-0"]
[WhiteTitle "IM"]
[WhiteElo "2387"]
[BlackElo "2151"]
[WhiteFideId "1400142"]
[BlackFideId "1709569"]
[EventDate "2011.12.27"]

1. d4 Nf6 2. Nc3 d5 3. Bf4 e6 4. Nb5 Bd6 5. Nxd6+ cxd6 6. e3 Nc6 7. c3 O-O 8.
Nf3 Qe7 9. Be2 h6 10. h3 e5 11. Bh2 Bf5 12. O-O a6 13. a4 Rac8 14. a5 Rfe8 15.
Qb3 e4 16. Nd2 Qd7 17. Kh1 Ne7 18. Qa3 Rcd8 19. c4 g5 20. cxd5 g4 21. Nc4 Nc8
22. hxg4 Bxg4 23. f3 Bf5 24. Qb3 Bg6 25. Nb6 Nxb6 26. axb6 Kg7 27. Rac1 Qf5 28.
Rc7 Qxd5 29. Qxd5 Nxd5 30. Rxb7 Rb8 31. Bxa6 Rxb7 32. Bxb7 Nxb6 33. Bc6 Re6 34.
d5 Rf6 35. b3 exf3 36. gxf3 Bc2 37. Kg2 Bd3 38. Rc1 h5 39. e4 h4 40. e5 Rg6+ 41.
Kf2 dxe5 42. Bxe5+ f6 43. Bc7 Nc8 44. d6 Nxd6 45. Bxd6 1-0